[Event "Verona-chT Serie C/9 51st"]
[Site "Verona"]
[Date "2019.03.17"]
[Round "4.4"]
[White "Gorini, Michele"]
[Black "Steccanella, Willy"]
[Result "0-1"]
[WhiteElo "1661"]
[BlackElo "1861"]
[PlyCount "64"]
[EventDate "2019.03.15"]
[EventType "team-tourn"]
[EventRounds "5"]
[EventCountry "ITA"]
[SourceTitle "EXT 2022"]
[Source "ChessBase"]
[SourceDate "2021.10.06"]
[SourceVersion "1"]
[SourceVersionDate "2021.10.06"]
[SourceQuality "1"]
[WhiteTeam "Lodi Wasken Boys"]
[BlackTeam "Verona S Bonifacio Cavalli Pazzi"]
[WhiteTeamCountry "ITA"]
[BlackTeamCountry "ITA"]

1. Nf3 f5 2. b3 Nf6 3. c4 g6 4. Bb2 Bg7 5. d4 d6 6. Nbd2 0-0 7. g3 c6 8. Bg2 Nbd7 9. Ng5 Nb6 10. 0-0 h6 11. Ngf3 Qe8 12. Re1 Qf7 13. Qc2 d5 14. Ne5 Qe8 15. Ndf3 g5 16. Nd2 Be6 17. c5 Nbd7 18. Nxd7 Nxd7 19. e3 f4 20. exf4 Bf5 21. Qd1 Nxc5 22. g4 Nd3 23. gxf5 Nxb2 24. Rb1 Nxd1 25. Rbxd1 Rxf5 26. fxg5 Bxd4 27. Nf3 Bb6 28. Re6 Qf7 29. Rde1 hxg5 30. Rxe7 Rxf3 31. Rxf7 Rxf7 32. Re2 Raf8 0-1

[Event "Verona-chT Serie C/9 51st"]
[Site "Verona"]
[Date "2019.03.15"]
[Round "1.3"]
[White "Steccanella, Willy"]
[Black "Velluti, Alberto"]
[Result "0-1"]
[WhiteElo "1861"]
[BlackElo "1762"]
[PlyCount "122"]
[EventDate "2019.03.15"]
[EventType "team-tourn"]
[EventRounds "5"]
[EventCountry "ITA"]
[SourceTitle "EXT 2022"]
[Source "ChessBase"]
[SourceDate "2021.10.06"]
[SourceVersion "1"]
[SourceVersionDate "2021.10.06"]
[SourceQuality "1"]
[WhiteTeam "Verona S Bonifacio Cavalli Pazzi"]
[BlackTeam "Venezia Nono Risorto"]
[WhiteTeamCountry "ITA"]
[BlackTeamCountry "ITA"]

1. e4 e5 2. Nf3 Nc6 3. Bb5 d6 4. d4 exd4 5. Nxd4 Bd7 6. Nxc6 Bxc6 7. Bxc6+ bxc6 8. Nc3 Nf6 9. Bf4 Be7 10. 0-0 0-0 11. Qf3 Rb8 12. e5 dxe5 13. Rfd1 Qc8 14. Bxe5 Ng4 15. Bg3 Rxb2 16. Qxc6 Rxc2 17. Nd5 Rxc6 18. Nxe7+ Kh8 19. Nxc8 Rxc8 20. Rac1 Rxc1 21. Rxc1 c5 22. Rc4 Nf6 23. Ra4 Ra8 24. f3 Nd7 25. Bf2 f6 26. Kf1 Kg8 27. Ra5 Kf8 28. Bxc5+ Nxc5 29. Rxc5 Rb8 30. a4 Rb7 31. Kf2 Ke7 32. Ke3 Kd6 33. Ra5 Rc7 34. Kd4 Ke6 35. g4 g5 36. Ra6+ Ke7 37. Kd5 Rb7 38. Re6+ Kf7 39. Re4 Rb2 40. Kc6 Rb6+ 41. Kc5 Rb2 42. Rb4 Rc2+ 43. Kb5 Rxh2 44. Ka6 Rf2 45. Rb3 Ra2 46. a5 Kg6 47. Rb5 Ra3 48. Rf5 h5 49. Kxa7 h4 50. a6 h3 51. Rb5 h2 52. Rb1 Rxf3 53. Kb8 Rb3+ 54. Rxb3 h1Q 55. a7 Qh2+ 56. Kb7 Qg2+ 57. Kb6 Qxg4 58. a8Q Qe6+ 59. Kc7 Qxb3 60. Qe4+ f5 61. Qc6+ Kh5 0-1

[Event "Basso Veronese op 4th"]
[Site "Casaleone"]
[Date "2011.06.05"]
[Round "5"]
[White "Adami, Antonio"]
[Black "Steccanella, Willy"]
[Result "0-1"]
[WhiteElo "1710"]
[BlackElo "1869"]
[PlyCount "76"]
[EventDate "2011.05.28"]
[EventType "swiss"]
[EventRounds "6"]
[EventCountry "ITA"]
[SourceTitle "EXT 2023"]
[Source "ChessBase"]
[SourceDate "2022.10.05"]
[SourceVersion "1"]
[SourceVersionDate "2022.10.05"]
[SourceQuality "1"]

1. d4 d5 2. e4 e6 3. exd5 exd5 4. Bd3 Bd6 5. Qf3 Nf6 6. h3 Be6 7. Ne2 c5 8. c3 Nbd7 9. Bf4 Qb6 10. b3 0-0 11. Bxd6 Qxd6 12. 0-0 Rfe8 13. Nd2 Re7 14. Qg3 Qc6 15. a4 c4 16. Bc2 Bxh3 17. Nf4 Be6 18. b4 Ne4 19. Nxe4 dxe4 20. b5 Qd6 21. Bxe4 Nf6 22. Nh5 Qxg3 23. Nxf6+ gxf6 24. fxg3 Bg4 25. Rfe1 Rae8 26. Bxh7+ Kxh7 27. Rf1 f5 28. a5 Re3 29. Rfc1 Rxg3 30. Kf2 Rd3 31. Ra4 Re2+ 32. Kf1 Rdd2 33. Rxc4 Rf2+ 34. Kg1 Rxg2+ 35. Kf1 Rh2 36. Kg1 Rdg2+ 37. Kf1 Be2+ 38. Ke1 Bxc4 0-1

[Event "Basso Veronese-B 2nd"]
[Site "Casaleone"]
[Date "2009.11.08"]
[Round "3"]
[White "Steccanella, Willy"]
[Black "Adami, Antonio"]
[Result "1-0"]
[WhiteElo "1780"]
[BlackElo "1646"]
[PlyCount "103"]
[EventDate "2009.11.07"]
[EventType "swiss"]
[EventRounds "6"]
[EventCountry "ITA"]
[SourceTitle "EXT 2015"]
[Source "ChessBase"]
[SourceDate "2014.11.20"]
[SourceVersion "1"]
[SourceVersionDate "2014.11.20"]
[SourceQuality "1"]

1. e4 c5 2. Nc3 d6 3. f4 Nf6 4. Bc4 e6 5. e5 dxe5 6. fxe5 Nd5 7. Nf3 Be7 8. 0-0 0-0 9. d3 a6 10. Qe1 f6 11. Bd2 Nc6 12. Qg3 Nd4 13. Nxd4 Nxc3 14. Nxe6 Ne2+ 15. Kf2 Nxg3 16. Nxd8+ Kh8 17. exf6 Bxd8 18. Kxg3 Bxf6 19. Bc3 Bd7 20. Bxf6 gxf6 21. Bd5 Rab8 22. Rae1 Bc6 23. Bxc6 bxc6 24. b3 Rg8+ 25. Kf2 Rb7 26. Re6 Rbg7 27. g3 f5 28. Rf6 Rg5 29. Kg2 Re8 30. R6xf5 Re2+ 31. R1f2 Rxf2+ 32. Rxf2 Re5 33. Kf1 Kg7 34. Kg2 h5 35. Kf1 Rd5 36. Rf4 Re5 37. g4 hxg4 38. Rxg4+ Kh6 39. h4 Kh5 40. Rf4 Kg6 41. Kf2 Rd5 42. Ke3 Re5+ 43. Kd2 Kh5 44. Ra4 Rf5 45. Rxa6 Rf6 46. Ra4 Rf2+ 47. Kc3 Rf5 48. Rc4 Kg6 49. a4 Kf7 50. Re4 Rh5 51. Rg4 Rd5 52. Rg5 1-0